| 000 | 00486nam a2200169Ia 4500 | ||
|---|---|---|---|
| 008 | 220216s9999 xx 000 0 und d | ||
| 100 | _aMarks A Mathew | ||
| 245 | 0 | _aEffect analysis of mixing process variables on viscoelastic properties of NR tread compounds | |
| 260 |
_bRubber World _c2004 |
||
| 300 | _a29-32 | ||
| 650 | _aMixing | ||
| 650 | _aNR tread compounds | ||
| 650 | _aViscoelastic properties | ||
| 700 | _aAbhijit Adhikary | ||
| 700 | _aMukhopadhyay R | ||
| 942 | _cJS | ||
| 999 |
_c57657 _d57657 |
||